| 000 | 00643nam a2200217 a 4500 | ||
|---|---|---|---|
| 001 | BRCA_6853 | ||
| 005 | 20190321142923.0 | ||
| 008 | 091111s1950----sz-b######---#000-0#fre-# | ||
| 041 | _aeng | ||
| 044 | _afre | ||
| 050 | 4 | _b.E87 1950 | |
| 245 | 1 | 0 |
_aEspaña-Portugal _bCarte Automobile. Automobilkarte. Motoring Map. 1:1000 000 _cHallwag Berne. |
| 260 |
_aSuiza _bHallwag Berne _c[1950] |
||
| 300 |
_a1 mapa _c80 cm. |
||
| 500 | _aMapa inventariado como libro por el Banco de México. | ||
| 500 | _aL138 | ||
| 651 | 4 |
_aEspaña _vMapas _xCarreteras _912980 |
|
| 651 | 4 |
_aPortugal _vMapas _xCarreteras _917084 |
|
| 902 | _aGFM | ||
| 942 |
_2lcc _cB |
||
| 999 |
_c6535 _d6535 |
||